[Event "2025 Spring TNM: 2000+"]
[Site "San Francisco"]
[Date "2025.04.01"]
[Round "5.1"]
[White "Dzhanhirov, Dmytro"]
[Black "Tsodikova, Natalya"]
[Result "0-1"]
[WhiteElo "2235"]
[BlackElo "2169"]
[PlyCount "76"]
[GameId "2162445511087889"]
[EventDate "2025.??.??"]

1. d4 {[%emt 0:00:47]} Nf6 {[%emt 0:00:18]} 2. Bg5 {[%emt 0:00:15]} d5 {[%emt 0:00:16]} 3. Bxf6 {[%emt 0:00:07]} exf6 {[%emt 0:00:18]} 4. e3 {[%emt 0:00:07]} Bd6 {[%emt 0:00:51]} 5. Bd3 {[%emt 0:00:08]} f5 {[%emt 0:00:31]} 6. Ne2 {[%emt 0:02:00]} g6 {[%emt 0:01:59]} 7. c4 {[%emt 0:00:13]} dxc4 {[%emt 0:01:09]} 8. Bxc4 {[%emt 0:00:25]} O-O {[%emt 0:00:58]} 9. Nbc3 {[%emt 0:01:00]} c6 {[%emt 0:00:35]} 10. h3 {[%emt 0:03:48]} Nd7 {[%emt 0:02:48]} 11. Qc2 {[%emt 0:12:34]} Nf6 {[%emt 0:02:26]} 12. Rd1 {[%emt 0:04:21]} Qe7 {[%emt 0:04:26]} 13. Bb3 {[%emt 0:14:12]} Bd7 {[%emt 0:06:23]} 14. O-O {[%emt 0:04:57]} Rac8 {[%emt 0:06:14]} 15. Rfe1 {[%emt 0:01:44]} b5 {[%emt 0:01:48]} 16. Nf4 {[%emt 0:03:56]} Bxf4 {[%emt 0:19:02]} 17. exf4 {[%emt 0:00:29]} Qd6 {[%emt 0:00:17]} 18. g3 {[%emt 0:00:59]} h5 {[%emt 0:04:01]} 19. Re5 {[%emt 0:05:40]} h4 {[%emt 0:00:49]} 20. Qe2 {[%emt 0:02:51]} hxg3 {[%emt 0:01:48]} 21. fxg3 {[%emt 0:00:12]} Rfe8 {[%emt 0:02:08]} 22. Qe3 {[%emt 0:07:31]} a5 {[%emt 0:03:57]} 23. a3 {[%emt 0:01:03]} Kg7 {[%emt 0:10:39]} 24. Re1 {[%emt 0:10:34]} Be6 {[%emt 0:07:54]} 25. Bxe6 {[%emt 0:19:26]} Rxe6 {[%emt 0:00:30]} 26. Rxe6 {[%emt 0:01:25]} fxe6 {[%emt 0:00:19]} 27. Qxe6 {[%emt 0:00:41]} Qxd4+ {[%emt 0:00:26]} 28. Qe3 {[%emt 0:00:06]} Qxe3+ {[%emt 0:01:53]} 29. Rxe3 {[%emt 0:00:01]} Kf7 {[%emt 0:00:17]} 30. Kf1 {[%emt 0:02:02]} Rd8 {[%emt 0:01:50]} 31. Ke2 {[%emt 0:00:53]} b4 {[%emt 0:01:09]} 32. axb4 {[%emt 0:01:05]} axb4 {[%emt 0:00:02]} 33. Na2 {[%emt 0:00:34]} c5 {[%emt 0:01:58]} 34. Rd3 {[%emt 0:00:35]} Re8+ {[%emt 0:01:25]} 35. Re3 {[%emt 0:00:07]} Ne4 {[%emt 0:03:23]} 36. g4 {[%emt 0:00:25]} Ra8 {[%emt 0:02:04]} 37. Nc1 {[%emt 0:00:08]} c4 {[%emt 0:00:28]} 38. Kd1 {[%emt 0:01:24]} Rd8+ {[%emt 0:00:33]} 0-1

[Event "2025 Spring TNM: 2000+"]
[Site "San Francisco"]
[Date "2025.04.01"]
[Round "5.2"]
[White "Viadiu-Ilarraza, Hector"]
[Black "Cremisi, Daniel"]
[Result "0-1"]
[WhiteElo "1896"]
[BlackElo "2388"]
[PlyCount "51"]
[GameId "2162445511198482"]
[EventDate "2025.??.??"]

1. d4 {[%emt 0:00:01]} d5 {[%emt 0:00:06]} 2. Nf3 {[%emt 0:00:23]} Nf6 3. Bf4 {[%emt 0:00:08]} g6 {[%emt 0:01:35]} 4. e3 {[%emt 0:00:30]} Bg7 {[%emt 0:00:07]} 5. h3 {[%emt 0:01:39]} c5 {[%emt 0:00:17]} 6. c3 {[%emt 0:02:02]} Qb6 7. Qb3 {[%emt 0:00:38]} Nc6 {[%emt 0:02:00]} 8. Qxb6 {[%emt 0:15:54]} axb6 {[%emt 0:00:02]} 9. Bb5 {[%emt 0:11:01]} Bd7 {[%emt 0:01:54]} 10. Bc7 {[%emt 0:01:12]} Nxd4 {[%emt 0:07:58]} 11. exd4 {[%emt 0:25:51]} Bxb5 {[%emt 0:00:12]} 12. Na3 {[%emt 0:01:15]} Ba6 {[%emt 0:04:27]} 13. Bxb6 {[%emt 0:13:10]} cxd4 {[%emt 0:00:12]} 14. Bxd4 {[%emt 0:00:47]} O-O {[%emt 0:00:43]} 15. Nc2 {[%emt 0:04:56]} Rfe8 {[%emt 0:04:24]} 16. Ne5 {[%emt 0:00:53]} Ne4 {[%emt 0:05:08]} 17. Nb4 {[%emt 0:11:35]} f6 {[%emt 0:01:21]} 18. Nd7 {[%emt 0:03:29]} e5 {[%emt 0:00:47]} 19. Bb6 {[%emt 0:03:10]} d4 {[%emt 0:02:12]} 20. Nxa6 {[%emt 0:01:50]} Rxa6 {[%emt 0:00:23]} 21. Nc5 {[%emt 0:01:02]} Rxb6 {[%emt 0:01:01]} 22. Nxe4 {[%emt 0:00:01]} f5 {[%emt 0:00:48]} 23. Nc5 {[%emt 0:00:49]} Rxb2 {[%emt 0:01:08]} 24. Nd3 {[%emt 0:00:55]} Rc2 {[%emt 0:00:18]} 25. O-O {[%emt 0:00:53]} Rxc3 {[%emt 0:00:33]} 26. Rab1 {[%emt 0:00:16]} 0-1

[Event "2025 Spring TNM: 2000+"]
[Site "San Francisco"]
[Date "2025.04.01"]
[Round "5.3"]
[White "Bayaraa, Chinguun"]
[Black "Heiserman, Jimmy"]
[Result "1/2-1/2"]
[WhiteElo "2161"]
[BlackElo "2303"]
[PlyCount "68"]
[GameId "2162445511206675"]
[EventDate "2025.??.??"]

1. d4 {[%emt 0:01:10]} Nf6 {[%emt 0:04:03]} 2. c4 {[%emt 0:00:23]} g6 {[%emt 0:00:15]} 3. Nf3 {[%emt 0:00:18]} Bg7 {[%emt 0:00:06]} 4. g3 {[%emt 0:00:14]} d5 {[%emt 0:00:18]} 5. Bg2 {[%emt 0:02:10]} dxc4 {[%emt 0:00:26]} 6. Qa4+ {[%emt 0:01:55]} Nc6 {[%emt 0:03:55]} 7. Ne5 {[%emt 0:03:41]} O-O {[%emt 0:01:35]} 8. Nxc6 {[%emt 0:01:32]} bxc6 {[%emt 0:00:22]} 9. Qxc4 {[%emt 0:01:38]} Be6 {[%emt 0:04:48]} 10. Qd3 {[%emt 0:00:37]} Qd7 {[%emt 0:04:19]} 11. O-O {[%emt 0:02:09]} Rad8 {[%emt 0:07:26]} 12. Rd1 {[%emt 0:00:45]} Bf5 {[%emt 0:07:09]} 13. e4 {[%emt 0:01:43]} Bh3 {[%emt 0:01:29]} 14. Nc3 {[%emt 0:03:25]} Bxg2 {[%emt 0:02:16]} 15. Kxg2 {[%emt 0:02:31]} c5 {[%emt 0:09:17]} 16. d5 {[%emt 0:02:12]} c6 {[%emt 0:00:12]} 17. Qc4 {[%emt 0:06:33]} cxd5 {[%emt 0:01:16]} 18. exd5 {[%emt 0:04:16]} Qb7 {[%emt 0:06:22]} 19. Qxc5 {[%emt 0:05:36]} Nxd5 {[%emt 0:01:27]} 20. Nxd5 {[%emt 0:00:49]} e6 {[%emt 0:00:07]} 21. Be3 {[%emt 0:06:46]} Rxd5 {[%emt 0:01:05]} 22. Rxd5 {[%emt 0:00:06]} exd5 {[%emt 0:03:49]} 23. Qxa7 {[%emt 0:00:29]} Qxb2 {[%emt 0:01:36]} 24. Rd1 {[%emt 0:00:38]} Qc2 {[%emt 0:02:05]} 25. Rd2 {[%emt 0:00:54]} Qe4+ {[%emt 0:02:39]} 26. f3 {[%emt 0:00:13]} Qe6 {[%emt 0:00:08]} 27. Bf2 {[%emt 0:09:05]} Bf6 {[%emt 0:02:14]} 28. a4 {[%emt 0:01:05]} g5 {[%emt 0:00:48]} 29. a5 {[%emt 0:03:04]} g4 {[%emt 0:00:51]} 30. Qe3 {[%emt 0:00:15]} Ra8 {[%emt 0:01:41]} 31. fxg4 {[%emt 0:06:50]} Rxa5 {[%emt 0:02:27]} 32. g5 {[%emt 0:01:04]} Be7 {[%emt 0:03:35]} 33. Qf4 {[%emt 0:02:42]} Qe4+ {[%emt 0:06:05]} 34. Qxe4 {[%emt 0:00:21]} dxe4 {[%emt 0:00:05]} 1/2-1/2

[Event "2025 Spring TNM: 2000+"]
[Site "San Francisco"]
[Date "2025.04.01"]
[Round "5.4"]
[White "Agrawal, Varun"]
[Black "Senthilkumar, Pranav"]
[Result "0-1"]
[WhiteElo "1933"]
[BlackElo "2201"]
[PlyCount "72"]
[GameId "2162445511206676"]
[EventDate "2025.??.??"]

1. b3 {[%emt 0:00:01]} e5 {[%emt 0:07:02]} 2. Bb2 {[%emt 0:00:05]} Nc6 {[%emt 0:00:04]} 3. e3 {[%emt 0:00:07]} d5 {[%emt 0:02:06]} 4. Bb5 {[%emt 0:00:05]} Bd6 {[%emt 0:00:55]} 5. f4 {[%emt 0:00:09]} f6 {[%emt 0:01:59]} 6. Bxc6+ {[%emt 0:36:24]} bxc6 {[%emt 0:00:11]} 7. fxe5 {[%emt 0:03:59]} fxe5 {[%emt 0:00:05]} 8. Nf3 {[%emt 0:10:16]} Nh6 {[%emt 0:09:48]} 9. O-O {[%emt 0:07:23]} Ng4 {[%emt 0:24:52]} 10. h3 {[%emt 0:12:20]} e4 {[%emt 0:02:46]} 11. Nd4 {[%emt 0:00:56]} Qh4 {[%emt 0:09:02]} 12. Nf5 {[%emt 0:00:27]} Bxf5 {[%emt 0:00:40]} 13. Rxf5 {[%emt 0:00:11]} h5 {[%emt 0:01:00]} 14. Nc3 {[%emt 0:03:39]} Qg3 {[%emt 0:01:57]} 15. Ne2 {[%emt 0:00:05]} Qh2+ {[%emt 0:03:19]} 16. Kf1 {[%emt 0:00:02]} O-O-O {[%emt 0:01:51]} 17. hxg4 {[%emt 0:01:54]} hxg4 {[%emt 0:00:10]} 18. Ng1 {[%emt 0:01:48]} Qh4 {[%emt 0:03:22]} 19. Bxg7 {[%emt 0:01:12]} Rhg8 {[%emt 0:01:41]} 20. Bf6 {[%emt 0:06:57]} Qh7 {[%emt 0:00:29]} 21. Rg5 {[%emt 0:01:56]} Rxg5 {[%emt 0:01:35]} 22. Bxg5 {[%emt 0:00:01]} Rf8+ {[%emt 0:09:30]} 23. Bf4 {[%emt 0:00:06]} Qh4 {[%emt 0:00:36]} 24. Ne2 {[%emt 0:08:34]} g3 {[%emt 0:02:24]} 25. d3 {[%emt 0:02:35]} Bxf4 {[%emt 0:00:46]} 26. exf4 {[%emt 0:01:35]} Qh1+ {[%emt 0:00:32]} 27. Ng1 {[%emt 0:00:02]} Rxf4+ {[%emt 0:00:11]} 28. Ke1 {[%emt 0:00:20]} Qxg1+ {[%emt 0:00:06]} 29. Kd2 {[%emt 0:00:03]} Qxg2+ {[%emt 0:02:15]} 30. Kc3 {[%emt 0:00:01]} exd3 {[%emt 0:00:30]} 31. cxd3 {[%emt 0:00:53]} d4+ {[%emt 0:01:24]} 32. Kb4 {[%emt 0:00:11]} Qd5 {[%emt 0:00:43]} 33. Rc1 {[%emt 0:00:21]} Qb5+ {[%emt 0:00:13]} 34. Ka3 {[%emt 0:00:05]} Qa5+ {[%emt 0:00:03]} 35. Kb2 {[%emt 0:00:02]} Rf2+ {[%emt 0:00:05]} 36. Rc2 {[%emt 0:00:17]} Qc3+ {[%emt 0:01:18]} 0-1

[Event "2025 Spring TNM: 2000+"]
[Site "San Francisco"]
[Date "2025.04.01"]
[Round "5.7"]
[White "Seshadri, Sudarshan"]
[Black "Gaffagan, Steven"]
[Result "1-0"]
[Annotator "Winslow,Elliott"]
[WhiteElo "2018"]
[BlackElo "1967"]
[PlyCount "181"]
[GameId "2162445511206677"]
[EventDate "2025.??.??"]

1. d4 Nf6 2. Nc3 d5 3. Bf4 c6 4. e3 g6 5. Bd3 Bg7 6. h4 h6 7. Nf3 Bg4 8. Qd2 Bxf3 9. gxf3 Nbd7 10. O-O-O b5 11. e4 b4 12. Ne2 Qa5 13. a3 Nh5 {[#]} 14. Qxb4 Qxb4 15. axb4 Nxf4 16. Nxf4 h5 17. Ne2 e6 18. c3 O-O 19. Kc2 a5 20. b5 cxb5 21. Bxb5 Nb6 22. Ra1 Rfc8 23. e5 Bf8 24. Nf4 Bh6 25. Nd3 Bf8 26. Rhg1 Nc4 27. Ra2 Be7 28. Rh1 Nb6 29. Kd2 Rc7 30. Nf4 a4 31. Ng2 Ra5 32. Bd3 Nc4+ 33. Bxc4 dxc4 34. Rha1 a3 35. bxa3 Ra4 36. f4 Rb7 37. Kc2 Rb3 38. Ne3 Rb5 39. Rh1 Kf8 40. f3 Ke8 41. Ng2 Kd7 {[#]} 42. Rb1 Rxb1 43. Kxb1 Kc7 44. Kb2 Kc6 45. Ra1 Kb5 46. Ra2 Bd8 47. Kc2 Be7 48. Kb2 Ka6 49. Ra1 Kb5 50. Ra2 Ra8 {[#]} 51. a4+ Ka5 52. Kc2 Rc8 53. Rb2 Rc7 54. Ra2 Bd8 55. Kc1 Rb7 56. Kc2 Ka6 57. Ra1 Ba5 58. Ra3 Bd8 59. Kc1 Be7 60. Ra2 Rb3 61. Kc2 Bd8 62. Rb2 Ra3 63. Ne3 Ba5 64. Nd1 Ka7 65. Rb5 Rxa4 66. Ne3 Ra3 67. Nxc4 Rxc3+ 68. Kd2 Rxc4+ 69. Rxa5+ Kb7 70. Kd3 Rc1 71. d5 exd5 72. Rxd5 Kc7 73. Ra5 Kd7 74. Ra7+ Ke6 75. Ra6+ Ke7 76. Ra7+ Ke8 77. Ke4 Re1+ 78. Kd5 Re3 79. Ra8+ Ke7 80. Ra7+ Kf8 81. Ra8+ Kg7 82. Ra7 Kg8 83. Ra8+ Kg7 84. Ra7 Re1 85. Kd4 Kf8 86. Ra8+ Kg7 87. Ra7 Re2 88. Kd3 Re1 89. Kd2 Rh1 90. e6 Rxh4 91. e7 1-0

[Event "2025 Spring TNM: 2000+"]
[Site "San Francisco"]
[Date "2025.04.01"]
[Round "5.8"]
[White "Ivanenko, Anthony Vladimir"]
[Black "Mercado, Adam"]
[Result "0-1"]
[Annotator "Winslow,Elliott"]
[WhiteElo "1901"]
[BlackElo "1949"]
[PlyCount "62"]
[GameId "2162445511206678"]
[EventDate "2025.??.??"]

1. e4 c5 2. Nf3 Nc6 3. Bb5 e6 4. Bxc6 bxc6 5. d3 Nf6 6. e5 Nd5 7. Nbd2 Be7 8. O-O O-O 9. Ne4 Qb6 10. Nfd2 f6 11. Nc4 Qc7 12. f4 Ba6 13. Ned6 fxe5 14. fxe5 Rxf1+ 15. Qxf1 Rf8 16. Qe2 Bxc4 17. Nxc4 Nb6 18. b3 Nxc4 19. dxc4 {[#]} d5 20. exd6 Bxd6 21. Bb2 Bxh2+ 22. Kh1 Bg3 23. Qxe6+ Kh8 (23... Qf7 $142) 24. Rd1 $2 Qf4 $19 25. Rg1 h6 $2 (25... Qg5 $1 {The threat is 26...Qh5+ 27.Qh3 Rf5! The game move is a nice preparation, but loses a lot of value.}) 26. Bc1 $1 $17 Qd4 $2 (26... Qf2 27. Bb2 Kh7 {keeps more of an advantage.}) 27. Be3 $1 Qd8 $15 28. Qg4 Qd6 {[#]} 29. Rd1 $4 (29. Bxc5 $1 Qxc5 30. Qxg3 Rf5 31. Qb8+ $1 Kh7 32. g4 $3 {looks crazy, but equalizes!}) 29... Qe5 $1 $19 30. Bxc5 $4 Qxc5 31. Qxg3 Qh5+ 0-1

[Event "2025 Spring TNM: 2000+"]
[Site "San Francisco"]
[Date "2025.04.01"]
[Round "5.9"]
[White "Walder, Michael"]
[Black "Horowitz, Phineas F"]
[Result "1-0"]
[Annotator "Tactical Analysis 7.0"]
[WhiteElo "1935"]
[BlackElo "1883"]
[PlyCount "81"]
[GameId "2162100240142346"]
[EventDate "2025.??.??"]

1. e4 e6 2. d4 d5 3. e5 c5 4. c3 Nc6 5. Nf3 Nge7 6. Be2 Qb6 7. dxc5 Qxc5 8. b4 {C02: French: Advance Variation.} Qb6 9. b5 Na5 10. O-O {White is slightly better.} Bd7 11. a4 {[#]} Rc8 $146 ({Predecessor:} 11... Qc7 12. Bd3 Ng6 13. Re1 Be7 14. Ba3 Bxa3 15. Rxa3 O-O 16. Re3 f6 17. Bxg6 hxg6 {1-0 Grischuk,A (2732)-Harsha,B (2563) Titled Tuesday intern op 03rd Oct Late Chess.com INT blitz 2023 (11)}) 12. Nd4 {[%eval -1,41]} (12. Be3 Qc7 $11) (12. Bd3 $14 {[%eval 56,34]}) 12... Ng6 13. f4 Bc5 {White must now prevent ...Bxd4+.} 14. Be3 O-O 15. Nd2 Qc7 16. Bd3 Nc4 {[%eval 141,25]} 17. Bxc4 $16 (17. Nxc4 dxc4 18. Be4 (18. Bxc4 Bxd4 19. Qxd4 Rfd8 $11) 18... a6 $14) 17... dxc4 18. Ne4 $1 (18. Nxc4 $6 Be7 19. Nd6 Qxc3 $11) 18... Bb6 {[%eval 264,26]} (18... Be7 $142 {[%eval 169,29]} 19. Qg4 b6) 19. Nd6 Rb8 20. Qe2 {[%eval 42,31]} ({Better is} 20. Rf3 $18 {[%eval 175,28]}) 20... f6 $1 $14 21. Nxc4 {Excellent horsemanship.} (21. Qxc4 fxe5 22. Qxc7 Bxc7 $11) (21. Kh1 {is more complex.} fxe5 22. fxe5 Nxe5 23. Bf4) 21... fxe5 22. Nxb6 axb6 23. fxe5 Qxe5 {[%eval 82,27]} (23... Rxf1+ $1 $11 {[%eval 18,34] remains equal.} 24. Rxf1 Qxc3) 24. Nf3 $16 Qc7 {[%eval 155,28]} (24... Qxc3 $142 {[%eval 96,32]} 25. Bxb6 Rf5) 25. Bd4 $1 Rbe8 {2.05/31 [#]} (25... Rf5 $16 {[%eval 157,34]}) 26. Ne5 $1 $18 Nxe5 27. Qxe5 {[%eval 108,37]} ({Much less strong is} 27. Bxe5 $6 Qc5+ 28. Bd4 Qc7 $16 (28... Rxf1+ 29. Rxf1 Qd5 30. Bxb6 $16)) (27. Rxf8+ $18 {[%eval 200,34]} Rxf8 28. Bxe5 Qc5+ 29. Bd4) 27... Qxe5 $16 28. Bxe5 Rf5 {[#]} 29. Rfe1 {Strongly threatening Rad1. Black cannot hold the game after this.} Rc8 $2 {[%eval 316,30]} (29... Ra8 $16 {[%eval 108,31]}) 30. Rad1 $18 Be8 31. Rd6 Rc4 $2 {[%eval 453,30]} (31... Bg6 {[%eval 274,31]} 32. Rxb6 Rf7) 32. Rxb6 Rxa4 33. Rxb7 Rf7 {[%eval 716,30]} (33... Rg4 $142 {[%eval 433,32]} 34. c4 Rfg5) 34. Rb8 Rf8 35. Bd6 {Discovered Attack, Deflection} Rf5 36. Rxe8+ Kf7 37. Rf8+ Kg6 38. Rxe6+ Kg5 39. Be7+ Kg4 40. h3+ Kg3 (40... Kg3 41. Bd6+ $142 {[%eval 32752,117]} Rff4 42. Rxf4 (42. Bxf4+ Rxf4 43. Re3+ {Deflection} Kh4 44. Rxf4+ Kh5 45. b6 Kg5 46. Rg4+ Kf6) 42... Rxf4 43. b6 (43. Re3+ Kh4 44. Bxf4 Kh5 45. Re6 g6 46. Kh2 h6 47. b6 Kh4 48. Rxg6 h5 49. Bg5#) 43... g6 44. b7 (44. Bxf4+ Kxf4 45. b7 Kf5 46. Re8 Kg5 47. b8=Q Kh5 48. Qf4 g5 49. Qf7+ Kh4 50. Re4+ Kg3 51. Rg4#) (44. Re3+ Kh4 45. Bxf4 g5 46. b7 Kh5 47. b8=Q Kh6 48. Re6+ Kh5 49. g3 gxf4 50. Qe5#) 44... Kh4 45. Bxf4 (45. b8=B Rf7 46. Be7+ Rxe7 47. Rxe7 Kg5 48. Bd6 Kf6 49. c4 h6) 45... Kh5 46. b8=Q (46. b8=B h6 47. Kf2 Kh4 48. Rxg6 h5 49. Bg5#) 46... h6 47. Qh8 Kh4 48. Qxh6#) 41. Re3+ 1-0

[Event "2025 Spring TNM: 2000+"]
[Site "San Francisco"]
[Date "2025.04.01"]
[Round "5.10"]
[White "Cheng, Kar Lun"]
[Black "Paragiri, Reyansh"]
[Result "0-1"]
[Annotator "Winslow,Elliott"]
[WhiteElo "1867"]
[BlackElo "1978"]
[PlyCount "34"]
[GameId "2162445511214872"]
[EventDate "2025.??.??"]

1. e4 c5 2. Nf3 Nc6 3. d4 cxd4 4. Nxd4 g6 5. Nc3 Bg7 6. Be3 Nf6 7. Be2 O-O 8. Qd2 d5 9. exd5 Nxd5 10. Nxd5 Qxd5 11. Nxc6 Qxc6 12. Bf3 Qc7 13. O-O-O Bf5 14. g4 Be6 15. Kb1 Rac8 16. h4 Qc4 17. Qa5 b5 {The one scoresheet breaks down at this point.... 0-1 33} 0-1

[Event "2025 Spring TNM: 2000+"]
[Site "San Francisco"]
[Date "2025.04.01"]
[Round "5.11"]
[White "Smith, Roger Christopher"]
[Black "Srinivasan, Sivavishnu"]
[Result "0-1"]
[WhiteElo "1872"]
[BlackElo "2066"]
[PlyCount "46"]
[GameId "2162445511214873"]
[EventDate "2025.??.??"]

1. e4 c6 2. b3 d5 3. exd5 cxd5 4. Nf3 Nf6 5. Bb2 Nc6 6. d4 Bg4 7. h3 Bh5 8. Be2 e6 9. O-O Bd6 10. c4 O-O 11. Nc3 a6 12. a3 Bb8 13. Re1 dxc4 14. bxc4 Ba7 15. d5 Ne7 16. dxe6 Qb6 17. exf7+ Rxf7 18. Qc1 Qxf2+ 19. Kh1 Nf5 20. Qg5 Ng3+ 21. Kh2 Bxf3 22. Bxf3 Bb8 23. Re5 h6 0-1

[Event "2025 Spring TNM: 2000+"]
[Site "San Francisco"]
[Date "2025.04.01"]
[Round "5.12"]
[White "Zavgorodniy, Andrew"]
[Black "Rajaram, Raghu"]
[Result "1-0"]
[WhiteElo "1969"]
[BlackElo "1812"]
[PlyCount "87"]
[GameId "2162445511214874"]
[EventDate "2025.??.??"]

1. c4 c6 2. g3 Nf6 3. Bg2 g6 4. Nf3 Bg7 5. O-O O-O 6. b3 d5 7. Bb2 Bf5 8. d3 Re8 9. Nbd2 Nbd7 10. Nd4 e5 11. Nxf5 gxf5 12. Bh3 Ng4 13. e4 dxe4 14. dxe4 Nc5 15. exf5 Nxf2 16. Rxf2 Nd3 17. Ne4 Nxf2 18. Nxf2 Qb6 19. Qg4 Kh8 20. Bg2 Rad8 21. Qe2 f6 22. Bc3 Bf8 23. Qe1 Bc5 24. Kf1 Bxf2 25. Qxf2 Rd3 26. Qxb6 axb6 27. Rc1 Kg7 28. Ke2 Red8 29. Be4 R3d7 30. a4 Kh6 31. Rc2 Kg5 32. h3 Kh6 33. Rd2 Rxd2+ 34. Bxd2+ Kg7 35. Be3 b5 36. axb5 cxb5 37. Bxb7 Rb8 38. Bd5 bxc4 39. bxc4 Kf8 40. Be6 Ke8 41. Bc5 Rb2+ 42. Kf3 h5 43. Bf2 Rb3+ 44. Be3 1-0

[Event "2025 Spring TNM: 1600-1999"]
[Site "San Francisco"]
[Date "2025.04.01"]
[Round "5.5"]
[White "Cawthon, Jeremy David"]
[Black "Parsons, Stephen"]
[Result "1-0"]
[Annotator "Winslow,Elliott"]
[WhiteElo "1970"]
[BlackElo "1876"]
[PlyCount "123"]
[GameId "2162445511214875"]
[EventDate "2025.??.??"]

{[%evp 0,123,17,22,14,-11,31,66,25,17,16,11,-36,3,4,-15,17,15,20,24,36,32,39,22,53,125,128,118,98,256,323,49,40,27,-43,30,30,32,24,39,39,11,-18,29,-6,33,22,-45,2,18,16,19,11,-4,-1,-2,0,29,23,81,19,62,22,14,41,37,93,28,148,63,180,65,29,44,56,56,152,95,100,80,71,162,96,100,59,96,77,75,87,91,92,92,342,250,409,503,411,517,527,507,507,108,108,485,638,617,620,104,108,509,527,537,547,557,557,537,557,557,29991,29992,29993,29994,29995,29996,29997,29998]} 1. e4 c5 {[%emt 0:04:55]} 2. c3 {[%emt 0:00:02]} Nf6 {[%emt 0:00:48]} 3. e5 {[%emt 0:00:02]} Nd5 {[%emt 0:00:11]} 4. d4 {[%emt 0:00:10]} cxd4 {[%emt 0:00:20]} 5. Nf3 {[%emt 0:00:02]} d6 {[%emt 0:01:19]} 6. cxd4 {[%emt 0:00:11]} Nc6 {[%emt 0:01:42]} 7. a3 {[%emt 0:00:02]} e6 {[%emt 0:01:58]} 8. Bd3 {[%emt 0:00:05]} Be7 {[%emt 0:01:15]} 9. O-O {[%emt 0:00:10]} h6 {[%emt 0:05:27]} 10. Qe2 {[%emt 0:05:20]} Qb6 {[%emt 0:03:57]} 11. Nc3 {[%emt 0:11:45]} Nxd4 {[%emt 0:03:36]} 12. Nxd4 {[%emt 0:00:02]} Qxd4 {[%emt 0:00:27]} 13. Bb5+ {[%emt 0:00:20]} Kf8 {[%emt 0:00:43]} 14. exd6 {[%emt 0:04:03]} Bxd6 {[%emt 0:03:18]} 15. Rd1 {[%emt 0:00:39]} Qe5 {[%emt 0:04:28]} 16. Qxe5 {[%emt 0:00:32]} Bxe5 {[%emt 0:00:05]} 17. Nxd5 {[%emt 0:00:07]} exd5 {[%emt 0:00:04]} 18. Rxd5 {[%emt 0:06:13]} Bf6 {[%emt 0:02:38]} 19. Be3 {[%emt 0:04:08]} g6 {[%emt 0:05:55]} 20. Bd7 {[%emt 0:05:11]} Kg7 {[%emt 0:04:15]} 21. Rad1 {[%emt 0:01:47]} Bxb2 {[%emt 0:08:21]} 22. Rb5 {[%emt 0:02:09]} Bxd7 {[%emt 0:03:22]} 23. Rxd7 {[%emt 0:01:35]} Rhd8 {[%emt 0:00:23]} 24. Rbxb7 {[%emt 0:00:30]} Rxd7 {[%emt 0:00:11]} 25. Rxd7 {[%emt 0:00:02]} a6 {[%emt 0:03:23]} 26. Bd4+ {[%emt 0:00:36]} Bxd4 {[%emt 0:00:07]} 27. Rxd4 $11 {[%emt 0:00:02] [#] 0.00} Kf6 {[%emt 0:02:26]} 28. Ra4 {[%emt 0:00:36]} Ke5 {[%emt 0:01:50]} 29. Kf1 {[%emt 0:00:34]} Kd5 {[%emt 0:00:49]} 30. Ke2 {[%emt 0:00:14]} Kc5 {[%emt 0:01:31]} 31. h4 {[%emt 0:00:47]} h5 {[%emt 0:01:08]} 32. f3 {[%emt 0:00:36]} f5 {[%emt 0:08:29]} 33. g4 {[%emt 0:00:17]} fxg4 {[%emt 0:00:50]} 34. fxg4 {[%emt 0:00:02]} hxg4 {[%emt 0:02:19]} 35. Rxg4 {[%emt 0:00:19]} Re8+ {[%emt 0:00:05]} 36. Kf3 {[%emt 0:01:42]} Re6 {[%emt 0:03:54]} 37. Kf4 {[%emt 0:00:49]} a5 {[%emt 0:09:07]} 38. Kg5 {[%emt 0:00:23]} Re3 {[%emt 0:01:09]} 39. a4 {[%emt 0:00:42]} Re6 $8 {[%emt 0:00:40]} 40. Kh6 {[%emt 0:00:18]} Rd6 {[%emt 0:00:13]} 41. Rxg6 {[%emt 0:00:56]} Rd4 {[%emt 0:00:07]} 42. h5 {[%emt 0:00:46]} Rxa4 {[%emt 0:00:29]} 43. Rg5+ {[%emt 0:00:19]} Kb6 $8 {[%emt 0:01:09]} 44. Kg6 {[%emt 0:00:15]} Rc4 {[%emt 0:03:24]} 45. h6 {[%emt 0:00:39] [#]} a4 $4 {[%emt 0:03:09]} (45... Rc6+ $1 46. Kh5 Rc7 47. Rg7 Rc5+) 46. h7 $18 {[%emt 0:00:25]} Rc6+ {[%emt 0:00:30]} 47. Kg7 {[%emt 0:01:14]} Rc7+ {[%emt 0:01:28]} 48. Kh6 {[%emt 0:00:06]} Rc8 {[%emt 0:01:06]} 49. Rg8 {[%emt 0:05:31]} Rc1 {[%emt 0:01:24]} 50. Kg5 {[%emt 0:00:26]} Rh1 {[%emt 0:01:13]} 51. Rg6+ {[%emt 0:01:37]} (51. h8=Q {[%eval 32726,0]} Rxh8 52. Rxh8 Kb5 53. Kf4 a3 54. Ke3 Kc4 55. Ra8 Kb3 56. Kd2 a2 57. Kc1) 51... Kc5 {[%emt 0:01:36]} 52. Rh6 {[%emt 0:00:13]} Rg1+ {[%emt 0:00:08]} 53. Kf4 {[%emt 0:00:07]} Rf1+ {[%emt 0:00:30]} 54. Ke3 {[%emt 0:00:02]} Rf8 {[%emt 0:00:12]} 55. h8=Q {[%emt 0:00:07]} Rxh8 {[%emt 0:00:02]} 56. Rxh8 {[%emt 0:00:09]} Kb4 {[%emt 0:01:42]} 57. Kd2 {[%emt 0:00:06]} Kb3 {[%emt 0:00:52]} 58. Rb8+ {[%emt 0:00:08]} Ka2 {[%emt 0:00:30]} 59. Kc2 {[%emt 0:00:05]} Ka3 {[%emt 0:01:24]} 60. Rb7 {[%emt 0:00:02]} Ka2 {[%emt 0:00:12]} 61. Rb4 {[%emt 0:00:02]} a3 {[%emt 0:00:33]} 62. Rb3 {[%emt 0:00:02]} 1-0

[Event "2025 Spring TNM: 1600-1999"]
[Site "San Francisco"]
[Date "2025.04.01"]
[Round "5.14"]
[White "Ploquin, Phil"]
[Black "Huang, Immanuel"]
[Result "0-1"]
[Annotator "Winslow,Elliott"]
[WhiteElo "1665"]
[BlackElo "1554"]
[PlyCount "120"]
[GameId "2162445511223068"]
[EventDate "2025.??.??"]

1. e4 c5 2. Nf3 Nc6 3. d4 cxd4 4. Nxd4 g6 5. Nxc6 bxc6 6. Qd4 Nf6 7. e5 Nd5 8. Bc4 Bg7 9. Bxd5 cxd5 10. Qxd5 Ba6 11. c4 O-O 12. O-O Qc7 13. Re1 Bxc4 14. Qe4 f6 15. b3 Ba6 16. Bb2 fxe5 17. Bxe5 Bxe5 18. Qxe5 Rac8 19. Na3 e6 20. Qxc7 Rxc7 21. Rad1 Rf5 22. Rd2 Kf7 23. Nc2 Rfc5 24. Ne3 d5 25. f4 h5 26. h3 Kf6 27. g4 Rc3 28. g5+ Kf7 29. Kf2 Bd3 30. Red1 Bc2 31. Re1 Be4 32. h4 Ke8 33. Rd4 Kd7 34. Ra4 Rd3 35. Ra6 Rdc3 36. Rd1 Bd3 37. Ra5 Kc6 38. Ra4 Kb5 39. Rd2 a5 40. Rd4 Be4 41. Ke2 Rc1 42. Rd1 Rxd1 43. Nxd1 Rc2+ 44. Rd2 Bf3+ 45. Kd3 Rxd2+ 46. Kxd2 Bxd1 47. Kxd1 {[#]} Kb4 48. Kc2 Ka3 49. Kd3 Kxa2 50. Kd4 Kxb3 51. f5 exf5 52. Kxd5 a4 53. Ke6 a3 54. Kf6 a2 55. Kxg6 a1=Q 56. Kxf5 Qf1+ 57. Kg6 Qf3 58. Kh7 Qg4 59. g6 Qxh4 60. g7 Qg4 0-1